000 00996nam a22002651u 4500
001 12253
003 HDC
007 cr bn ---
008 210209p2003 my eng
040 _aHDC
100 _aAsfaliza Ramli,
_eauthor
_912739
245 2 _aA preliminary study on kenaf (Hibiscus cannabinus L.) accessions for fibre and pulp production /
_cby Asfaliza Ramli, Wong Choi Chee and Muhammad Ghawas Maarof
260 _aSerdang :
_bMalaysian Agricultural Research and Development Institute (MARDI),
_c2003
300 _a1 page
336 _atext
_2rdacontent
337 _acomputer
_2rdamedia
338 _aonline resource
_2rdacarrier
650 _aHibiscus cannabinus L.
_912742
650 _aKenaf
_912740
650 _aMorphology
_912741
856 _zRequest full-text at [email protected]
942 _2lcc
942 _cAR
942 _kJART 003051
999 _c9576
_d9576